Blackboard Blitz: English Novelists Quiz Stats

 Plays Quiz Updated Jul 30, 2018

Challenge
Share
Tweet
Score 0/12 Timer 03:00
1 Play Today
% Correct
Mark Twain
85%
Jean-Paul Sartre
82.4%
Leo Tolstoy
81.5%
F. Scott Fitzgerald
79.2%
Umberto Eco
74%
Carlos Fuentes
70.8%
Margaret Mitchell
64.8%
Joseph Heller
62.5%
Louisa May Alcott
58.4%
Willa Cather
56.7%
Horatio Alger
55.3%
Margaret Atwood
51.3%

You're not logged in!

Compare scores with friends on all Sporcle quizzes.
Join for Free
OR
Log In

You Might Also Like...

Show Comments

Extras

Top Quizzes Today


Score Distribution

Your Account Isn't Verified!

In order to create a playlist on Sporcle, you need to verify the email address you used during registration. Go to your Sporcle Settings to finish the process.

Report this User

Report this user for behavior that violates our Community Guidelines.

Details: